书目信息 |
| 题名: |
极乐世界的下水道
|
|
| 作者: | 邢育森 著 | |
| 分册: | ||
| 出版信息: | 北京 知识出版社 2001.01 |
|
| 页数: | 266页 | |
| 开本: | 20cm | |
| 丛书名: | 榕树下网络文学书系 | |
| 单 册: | ||
| 中图分类: | I247.57 | |
| 科图分类: | ||
| 主题词: | 长篇小说--chang pian xiao shuo--中国--现代 | |
| 电子资源: | ||
| ISBN: | 7-5015-2788-1 | |
| 000 | 00881nam 2200253 450 | |
| 001 | 012008793078 | |
| 005 | 20080423095834.07 | |
| 010 | @a7-5015-2788-1@dCNY15.00 | |
| 100 | @a20080423d2001 km y0chiy0120 ea | |
| 101 | 0 | @achi |
| 102 | @aCN@b110000 | |
| 105 | @ay z 000ay | |
| 106 | @ar | |
| 200 | 1 | @a极乐世界的下水道@Aji le shi jie de xia shui dao@f邢育森著@Fxing yu sen zhu |
| 210 | @a北京@c知识出版社@d2001.01 | |
| 215 | @a266页@d20cm | |
| 225 | 2 | @a榕树下网络文学书系@Arong shu xia wang luo wen xue shu xi |
| 330 | @a本书的主要内容: 本书长篇小说极乐世界的下水道,还包括: 雨夜迷路城市角落的书店里、跟踪和探究, 唤醒与拯救等内容。 | |
| 410 | 0 | @12001 @a榕树下网络文学书系 |
| 606 | 0 | @a长篇小说@Achang pian xiao shuo@y中国@z现代 |
| 690 | @aI247.57@v4 | |
| 701 | 0 | @a邢育森@Axing yu sen@4著 |
| 801 | 0 | @aCN@bQSSK@c20080423 |
| 905 | @b20702227-29@dI247.57@eX618@f3 | |
| 极乐世界的下水道/邢育森著.-北京:知识出版社,2001.01 |
| 266页;20cm.-(榕树下网络文学书系) |
| ISBN 7-5015-2788-1:CNY15.00 |
| 本书的主要内容: 本书长篇小说极乐世界的下水道,还包括: 雨夜迷路城市角落的书店里、跟踪和探究, 唤醒与拯救等内容。 |
| ● |
| 相关链接 |
|
|
|
正题名:极乐世界的下水道
索取号:I247.57/X618
 
预约/预借
| 序号 | 登录号 | 条形码 | 馆藏地/架位号 | 状态 | 备注 |
| 1 | 702227 | 207022274 | 社科二线400B/400B社科库 21排1列6层/ [索取号:I247.57/X618] | 在馆 | |
| 2 | 702228 | 207022283 | 社科二线400B/400B社科库 21排1列6层/ [索取号:I247.57/X618] | 在馆 | |
| 3 | 702229 | 207022292 | 社科二线400B/400B社科库 21排1列6层/ [索取号:I247.57/X618] | 在馆 |